|
|
|
|
| LEADER |
01085nam a2200265 a 4500 |
| 001 |
GR-MES13318 |
| 008 |
071008s enk b 001 0 gre d |
| 020 |
|
|
|a 1412903009
|
| 020 |
|
|
|a 1412903017
|q (pbk.)
|
| 040 |
|
|
|a GrPaTEI
|b gre
|c GR-PaULI
|
| 040 |
|
|
|a GrPaTEI
|b gre
|c GR-PaULI
|
| 082 |
|
0 |
|a 808.066
|2 22
|
| 245 |
0 |
0 |
|a Writing for academic success :
|b A postgraduate guide /
|c Gail Craswell.
|
| 260 |
|
|
|a London
|a Thousand Oaks :
|b SAGE Publications,
|c 2005
|
| 300 |
|
|
|a xviii , 270σ. ;
|c 25εκ.
|
| 490 |
0 |
|
|a Sage study skills
|
| 504 |
|
|
|a Περιλαμβάνει βιβλιογραφικές παραπομπές (σ.[262]-264 ) και ευρετήριο
|
| 650 |
|
0 |
|a Academic writing
|
| 650 |
|
0 |
|a Report writing
|
| 650 |
|
0 |
|a Universities and colleges
|x Graduate work
|
| 700 |
0 |
|
|a Graswell Gail
|
| 942 |
|
|
|2 ddc
|
| 952 |
|
|
|0 0
|1 0
|2 ddc
|4 0
|6 808_066000000000000_CRA
|7 0
|9 271830
|a MSLG
|b MSLG
|c BSC
|d 2021-01-17
|e 24
|f 0
|g 0.00
|l 0
|o 808.066 CRA
|p 2420000022666
|r 2021-01-17 00:00:00
|t 1
|w 2021-01-17
|y BK15
|x 20071008 0 1
|x GrPaTEI
|
| 971 |
|
|
|a .b25793664
|b 15-04-20
|c 13-09-16
|
| 999 |
|
|
|c 157096
|d 157096
|